1958 1031 1044 1807 1629 1328 1325 1189 1837 1747 1633 1643 1569 1969 1778 1242 1338 1856 1100 1931 1019 1512 1230 1727 1086 1384 1617 1849 1488 1168 1361 1001 1684 1082 1518 1513 1272 1882 1727 1570 1082 1533 1981 1885 1198 1734 1464 1259 1591 1933 1355 1647 1471 1130 1137 1011 1654 1920 1926 1102 1858 1684 1572 1469 1285 1273 1847 1268 1449 1515 1097 1807 1071 1385 1531 1120 1325 1710 1747 1059 1581 1672 1252 1746 1337 1288 1788 1185 1821 1855 1059 1741 1780 1280 1631 1557 1673 1640 1168 BCNSPRNW ULIB Ver.6.0+V

เปลี่ยนเป็นภาษาไทย

Change to English
 แสดงรายละเอียดบรรณานุกรม
  กลับหน้าหลัก

Brief Record : Get Marc (ISO 2709) : E-mail record : QR code < ปิดหน้าต่าง
LEADER : 00000nam 2200000uu 4500
001    13399111398
003     ULIB
008    110623s||||||||th 000 0 tha d
020    9786110300902
050  4 BQ942^bท321ต 2552
100 0  พุทธทาสภิกขุ,^d2449-2536
245 00 ตามรอยชีวิตพุทธทาสภิกขุ/^cพุทธทาสภิกขุ
260    กรุงเทพฯ :^bธรรมสภา,^c2552
300    269 หน้า :^bภาพประกอบ ;^c22 ซม.
600 07 พุทธทาสภิกขุ^d2449-2536
600 07 พระธรรมโกศาจารย์ (เงื่อม อินฺทปญฺโญ),^d2449-2536
650  7 ชีวประวัติ
650  7 ธรรมะ
945    ^p170^l0^i026447
995    ทศพร
999 ^a ใช้งานได้ทุกระบบ
รายการนี้ยังไม่มีแท็ก
คุณยังไม่ได้ล็อกอิน คุณสามารถมีกิจกรรมร่วมกับเว็บไซต์ได้ แต่ต้องล็อกอินก่อน ::
  ล็อกอิน

รายการสื่อสารสนเทศ

ลำดับที่ ประเภท เลขเรียก/บาร์โค้ด สถานที่ สถานะ
- ไม่พบข้อมูล -

รายการใกล้เคียง
    หัวเรื่อง [ชีวประวัติ]
    หัวเรื่อง [ธรรมะ]

BibComment


ยังไม่เคยถูกคอมเมนท์

คอมเมนท์ทรัพยากรรายการนี้
  คอมเมนท์: ตามรอยชีวิตพุทธทา..


 Copyright 2026. Bcnsprnw @Library